| 000 | 01224nam a22003374i 4500 | ||
|---|---|---|---|
| 999 |
_c7306 _d7306 |
||
| 001 | .b74630192 | ||
| 003 | OSt | ||
| 005 | 20210218182125.0 | ||
| 008 | 201106e2020 spc|||| |||| 0|1 0 cat|c | ||
| 017 |
_aDL B 12438-2020 _bBiblioteca de Catalunya |
||
| 020 |
_a9788417804374 _q(rústica) |
||
| 040 |
_aES-ViU _bcat _erda _cES-ViU |
||
| 100 | 1 |
_aSoldevila, Adrià, _eautor |
|
| 245 | 1 | 3 |
_aEl Partit més llarg / _cAdrià Soldevila i Abraham Giraldés ; pròleg de Santi Giménez ; epíleg de Jordi Costa |
| 250 | _aPrimera edició | ||
| 264 | 1 |
_aBarcelona : _bAra Llibres, _csetembre del 2020 |
|
| 300 |
_a198 pàgines ; _c21 cm |
||
| 336 |
_atext _btxt _2rdacontent |
||
| 337 |
_asense mediació _bn _2rdamedia |
||
| 338 |
_avolum _bnc _2rdacarrier |
||
| 490 | 1 |
_aPausa ; _v8 |
|
| 504 | _aBibliografia: pàgina [301]-311 | ||
| 610 | 2 | 7 |
_aFutbol Club Barcelona _xAspectes polítics |
| 650 | 4 |
_a1 d'octubre, Referèndum de l', Catalunya, 2017 _2lemac |
|
| 700 | 1 |
_aGiménez, Santi, _eescriptor d'un pròleg |
|
| 700 | 1 |
_aCosta, Jordi, _eescriptor d'un epíleg |
|
| 830 | 0 |
_aPausa (Ara Llibres) ; _v8 |
|
| 907 |
_a.b74630192 _b17-11-20 _c06-11-20 _d06-11-20 _em _fa _g- _hcat _ispc _j0 _k0 |
||
| 940 | _aCVA2 | ||
| 942 |
_2udc _cMON |
||